Online
Catalog

Cuentos fantásticos de E. Teodoro Hoffmann / (Record no. 20671)

MARC details
000 -CABECERA
campo de control de longitud fija 01005nam a2200241 a 4500
001 - NÚMERO DE CONTROL
campo de control 000021170
005 - FECHA Y HORA DE LA ÚLTIMA TRANSACCIÓN
campo de control 20200930011243.0
008 - DATOS DE LONGITUD FIJA--INFORMACIÓN GENERAL
campo de control de longitud fija 100901s1909 sp a r 000 j spa d
040 ## - FUENTE DE LA CATALOGACIÓN
Centro catalogador/agencia de origen DO-SdBNP
Lengua de catalogación spa
Centro/agencia transcriptor BNPHU
082 ## - NÚMERO DE LA CLASIFICACIÓN DECIMAL DEWEY
Número de clasificación 833.6
Número de documento/Ítem H711c
049 ## - FONDOS LOCALES (OCLC)
Fondos de biblioteca BNGR
100 1# - ENTRADA PRINCIPAL--NOMBRE DE PERSONA
Nombre de persona Hoffmann, Ernst Theodor Amadeus,
Fechas asociadas al nombre 1766-1822
9 (RLIN) 44252
245 10 - MENCIÓN DE TÍTULO
Título Cuentos fantásticos de E. Teodoro Hoffmann /
Mención de responsabilidad, etc. E. Teodoro Hoffmann ; traducción de Enrique L. de Verneuil ; ilustración de F. Xumetra.
260 ## - PUBLICACIÓN, DISTRIBUCIÓN, ETC.
Lugar de publicación, distribución, etc. Barcelona :
Nombre del editor, distribuidor, etc. Maucci,
Fecha de publicación, distribución, etc. 1909.
300 ## - DESCRIPCIÓN FÍSICA
Extensión 328, [24] p. :
Otras características físicas il. ;
Dimensiones 21 cm.
490 1# - MENCIÓN DE SERIE
Mención de serie Biblioteca "Arte y Letras"
505 1# - NOTA DE CONTENIDO CON FORMATO
Nota de contenido con formato La fascinación -- El canto de Antonia -- El misterio de la casa desierta -- El reflejo perdido -- Coppelius -- Annunciata -- La puerta tapiada -- Oliverio Brusson.
650 #4 - PUNTO DE ACCESO ADICIONAL DE MATERIA--TÉRMINO DE MATERIA
Término de materia o nombre geográfico como elemento de entrada Cuentos alemanes
9 (RLIN) 34115
650 #4 - PUNTO DE ACCESO ADICIONAL DE MATERIA--TÉRMINO DE MATERIA
Término de materia o nombre geográfico como elemento de entrada Literatura alemana
9 (RLIN) 3274
700 1# - PUNTO DE ACCESO ADICIONAL--NOMBRE DE PERSONA
Nombre de persona Verneuil, Enrique L. de,
Término indicativo de función/relación tr.
9 (RLIN) 44253
700 1# - PUNTO DE ACCESO ADICIONAL--NOMBRE DE PERSONA
Nombre de persona Xumetra, F.,
Término indicativo de función/relación il.
9 (RLIN) 44254
830 #0 - PUNTO DE ACCESO ADICIONAL DE SERIE-TÍTULO UNIFORME
Título uniforme Biblioteca "Arte y Letras"
9 (RLIN) 44255
Holdings
Estado de retiro Estado de pérdida Restricciones de uso No para préstamo Código de colección Localización permanente Ubicación/localización actual Ubicación en estantería Fecha de adquisición Número de inventario Total de préstamos Signatura topográfica completa Código de barras Fecha visto por última vez Precio válido a partir de Tipo de ítem Koha
    Préstamo interno   Monografías: Libros y Folletos General General En catalogación 01.09.2010 LF1   833.6 H711c 21170-10 25.06.2020 25.06.2020 Préstamo interno

Powered by Koha